| 000 | 00000nam##2200000za#4500 |
| 001 | 9.612709 |
| 003 | CaOODSP |
| 005 | 20200327125320 |
| 007 | ta |
| 008 | 150406|1995||||xxc||||| f|0| 0 eng|d |
| 020 | |a0-660-16297-0 |
| 040 | |aCaOODSP|beng |
| 043 | |an-cn--- |
| 086 | 1 |aEn49-24/1-29E |
| 110 | 1 |aCanada. |bEnvironment Canada. |bEnvironmental Protection Service. |
| 245 | 10|aGuidance document on collection and preparation of sediments for physicochemical characterization and biological testing / |cby Gladys L. Stephenson. Issued by the Technology Development Directorate. |
| 260 | |aOttawa - Ontario : |bEnvironment Canada. |c1995. |
| 300 | |axxix, 144p. : |bfigs., references, tables ; |c28 cm. |
| 490 | 1 |aEnvironmental Protection series. [Reference methods]|vEPS 1/RM/29 |
| 500 | |a"This document describes methods recommended by Environment Canada (EC) for the selection of sampling stations within a study site, and the collection, handling, storage, transportation, and manipulation of samples of whole sediments from marine, estuarine, and freshwater environments, for the purposes of physicochemical characterization and/or biological assessment using whole sediments, pore waters, or sediment elutriates."--Abstract. |
| 520 | 3 |aThis document describes methods recommended by Environment Canada (EC) for the selection of sampling stations within a study site, and the collection, handling, storage, transportation, and manipulation of samples of whole sediments from marine, estuarine, and freshwater environments, for the purposes of physicochemical characterization and/or biological assessment using whole sediments, pore waters, or sediment elutriates.--Abstract |
| 563 | |aSoftcover |
| 590 | |a96-07|b1996-02-16 |
| 690 | 07|aWater quality|2gcpds |
| 720 | 1 |aStephenson, Gladys L. |
| 776 | 0#|tGuidance document on collection and preparation of sediments for physicochemical characterization and biological testing / |w(CaOODSP)9.579583 |
| 830 | #0|aEnvironmental Protection series. [Reference methods]|vEPS 1/RM/29|w(CaOODSP)9.514590 |